[Event "BLR-ch"]
[Site "Minsk"]
[Date "2001.??.??"]
[Round "5"]
[White "Dydyshko, Viacheslav"]
[Black "Kovalev, Andrei"]
[Result "1-0"]
[WhiteElo "2518"]
[BlackElo "2544"]
[PlyCount "79"]
[EventDate "2001.03.??"]
[EventType "tourn"]
[EventRounds "11"]
[EventCountry "BLR"]
[EventCategory "7"]
[Source "Fruth,M"]
[SourceDate "2003.05.15"]

1. d4 Nf6 2. c4 c5 3. d5 e6 4. Nc3 exd5 5. cxd5 d6 6. Nf3 g6 7. g3 Bg7 8. Bg2
O-O 9. O-O a6 10. a4 Nbd7 11. Bf4 Qc7 12. Rc1 Re8 13. h3 Ne4 14. Nxe4 Rxe4 15.
Nd2 Rxf4 16. gxf4 Bxb2 17. Rb1 Bg7 18. Nc4 Rb8 19. a5 Nf6 20. Rb6 Nd7 21. Rb3
Nf6 22. Qc2 Bd7 23. Rb6 Nh5 24. e3 Bb5 25. Rb1 Bf8 26. Qb3 Bxc4 27. Qxc4 Be7
28. Bf1 Kg7 29. Qb3 Bh4 30. Bxa6 Ra8 31. Bxb7 Ra7 32. a6 Qd7 33. Kg2 Qf5 34.
Rxd6 Qe4+ 35. f3 Qe7 36. Rc6 c4 37. Rxc4 g5 38. Qc3+ Kh6 39. Rc6+ f6 40. f5 1-0

[Event "Dubai op"]
[Site "Dubai"]
[Date "2001.04.20"]
[Round "6"]
[White "Safin, Shukhrat"]
[Black "Pigusov, Evgeny"]
[Result "1-0"]
[WhiteElo "2504"]
[BlackElo "2584"]
[PlyCount "81"]
[EventDate "2001.04.15"]
[EventType "swiss"]
[EventRounds "9"]
[EventCountry "UAE"]
[Source "Fruth,M"]
[SourceDate "2003.05.15"]

1. d4 Nf6 2. c4 c5 3. d5 e6 4. Nc3 exd5 5. cxd5 d6 6. e4 g6 7. Nge2 Bg7 8. Ng3
a6 9. a4 h5 10. Be2 Nbd7 11. O-O Ng4 12. h3 Bd4 13. Bd3 Qf6 14. hxg4 hxg4 15.
Nce2 Bxb2 16. Bxb2 Qxb2 17. Qc1 Qf6 18. Qf4 Qh4 19. Rfb1 Ne5 20. Bc2 Rb8 21. a5
Kd8 22. Nc1 Rh6 23. Nd3 g5 24. Qe3 Nc4 25. Qc1 f5 26. exf5 Bxf5 27. Nxc5 Bc8
28. Ne6+ Bxe6 29. dxe6 Rc8 30. Rxb7 Rxe6 31. Rh7 Rh6 32. Rxh6 Qxh6 33. Bf5 Rc5
34. Qb1 Kc7 35. Qe4 Qf6 36. Rb1 Nxa5 37. Bxg4 Nc6 38. Qh7+ Qe7 39. Qg8 Qd8 40.
Qe6 Re5 41. Qc4 1-0

[Event "EU-ch 2"]
[Site "Ohrid"]
[Date "2001.06.12"]
[Round "11"]
[White "Epishin, Vladimir"]
[Black "Nedev, Trajce"]
[Result "1-0"]
[WhiteElo "2579"]
[BlackElo "2514"]
[PlyCount "75"]
[EventDate "2001.06.01"]
[EventRounds "13"]
[EventCountry "FRM"]
[Source "Fruth,M"]
[SourceDate "2003.05.15"]

1. d4 Nf6 2. c4 c5 3. d5 e6 4. Nc3 exd5 5. cxd5 d6 6. e4 g6 7. Nf3 Bg7 8. h3
O-O 9. Bd3 b5 10. Nxb5 Re8 11. O-O Nxe4 12. Qb3 a6 13. Na3 Nd7 14. Nc4 Rb8 15.
Qc2 f5 16. Re1 Ndf6 17. Ng5 Nxd5 18. Bxe4 fxe4 19. Nxe4 Bf5 20. Qd1 Bxe4 21.
Rxe4 Rxe4 22. Qxd5+ Kh8 23. Qxe4 d5 24. Qe2 dxc4 25. Qxc4 Qd1+ 26. Qf1 Qxf1+
27. Kxf1 c4 28. Rb1 a5 29. Bf4 Rxb2 30. Rxb2 Bxb2 31. a4 Kg8 32. Ke2 Kf7 33.
Kd2 Ke6 34. Bc7 Bd4 35. f3 Kf5 36. Bxa5 Be5 37. Ke3 Bb8 38. Bc3 1-0

[Event "Dortmund op A"]
[Site "Dortmund"]
[Date "2001.??.??"]
[Round "7"]
[White "Epishin, Vladimir"]
[Black "Lobzhanidze, Davit"]
[Result "1/2-1/2"]
[WhiteElo "2578"]
[BlackElo "2512"]
[PlyCount "64"]
[EventDate "2001.07.??"]
[EventType "swiss"]
[EventRounds "11"]
[EventCountry "GER"]
[Source "Fruth,M"]
[SourceDate "2003.05.15"]

1. d4 Nf6 2. c4 c5 3. d5 e6 4. Nc3 exd5 5. cxd5 d6 6. e4 g6 7. Nf3 Bg7 8. h3
O-O 9. Bd3 Re8 10. O-O c4 11. Bxc4 Nxe4 12. Nxe4 Rxe4 13. Bd3 Re8 14. Re1 Bd7
15. Rxe8+ Bxe8 16. Be3 Nd7 17. Qd2 Nb6 18. Bf1 Rc8 19. Re1 Qf6 20. b3 Qc3 21.
Bxb6 axb6 22. Re7 Rb8 23. Qf4 Bf8 24. Re3 Qc7 25. a4 Bg7 26. Bc4 Qd8 27. Re4
Rc8 28. Qe3 Bd7 29. Ng5 Bf5 30. Rh4 h6 31. Nf3 g5 32. a5 gxh4 1/2-1/2

[Event "FRA-ch High Pool schev"]
[Site "Marsailles"]
[Date "2001.08.21"]
[Round "8"]
[White "Dorfman, Josif D"]
[Black "Degraeve, Jean Marc"]
[Result "1/2-1/2"]
[WhiteElo "2602"]
[BlackElo "2602"]
[PlyCount "56"]
[EventDate "2001.08.13"]
[EventRounds "4"]
[EventCountry "FRA"]
[Source "Fruth,M"]
[SourceDate "2003.05.15"]

1. d4 Nf6 2. c4 c5 3. d5 e6 4. Nc3 exd5 5. cxd5 d6 6. Nf3 g6 7. Bf4 a6 8. a4
Bg7 9. e4 Bg4 10. Be2 Bxf3 11. Bxf3 O-O 12. O-O Ne8 13. Qb3 Nd7 14. Qxb7 Rb8
15. Qxa6 Rxb2 16. Nb5 Rxf2 17. Kxf2 Bxa1 18. Rxa1 Qf6 19. Bxd6 Qb2+ 20. Kg3
Qxa1 21. Bxf8 Qe1+ 22. Kh3 Nxf8 23. Qc6 h5 24. Qxe8 g5 25. g3 Qf1+ 26. Bg2 Qf6
27. Bh1 Qf1+ 28. Bg2 Qf6 1/2-1/2

[Event "DEN-ch TT 200102"]
[Site "DEN"]
[Date "2001.11.04"]
[Round "1.1"]
[White "Nielsen, Peter Heine"]
[Black "De Firmian, Nick E"]
[Result "1-0"]
[WhiteElo "2593"]
[BlackElo "2552"]
[PlyCount "123"]
[EventDate "2001.11.05"]
[EventType "team"]
[EventRounds "7"]
[EventCountry "DEN"]
[Source "Fruth,M"]
[SourceDate "2003.05.15"]

1. d4 Nf6 2. c4 c5 3. d5 e6 4. Nc3 exd5 5. cxd5 d6 6. e4 g6 7. Nf3 a6 8. h3 b5
9. Bd3 Bg7 10. O-O O-O 11. Re1 Nbd7 12. a3 Re8 13. Bf4 Qb6 14. Qd2 Bb7 15. b4
Rac8 16. Rac1 Ba8 17. Bh6 Bh8 18. Be3 Qb8 19. Kh1 Bb7 20. Bf4 Bg7 21. Bh6 Bh8
22. g3 Ne5 23. Nxe5 Rxe5 24. Bf4 Ree8 25. Nxb5 axb5 26. bxc5 Nxd5 27. exd5
Bxd5+ 28. Kh2 Rxe1 29. Qxe1 Be5 30. cxd6 Rxc1 31. Qxc1 Bxd6 32. Bxd6 Qxd6 33.
Bxb5 Qb6 34. Qf1 Qa5 35. Qd3 Bb7 36. Qd7 Qb6 37. Kg1 Bf3 38. Qc8+ Kg7 39. Qc3+
Qf6 40. Qxf6+ Kxf6 41. a4 Ke5 42. a5 Kd6 43. Kf1 Kc5 44. Bd3 h6 45. Ke1 g5 46.
Kd2 f6 47. Ke3 Bc6 48. f4 Bg2 49. h4 gxh4 50. gxh4 Bc6 51. a6 Kb6 52. Kd4 Bf3
53. f5 Bc6 54. a7 Kxa7 55. Kc5 Bf3 56. Kd6 Kb6 57. Bb1 Bg4 58. Ke6 Kc6 59. Kxf6
Kd6 60. Kg7 Bxf5 61. Bxf5 Ke5 62. Bg6 1-0

[Event "ESP-ch Gp B"]
[Site "Cala Mendia Mallorca"]
[Date "2001.11.17"]
[Round "1"]
[White "Comas Fabrego, Luis"]
[Black "Franco Ocampos, Zenon"]
[Result "1/2-1/2"]
[WhiteElo "2510"]
[BlackElo "2522"]
[PlyCount "28"]
[EventDate "2001.11.17"]
[EventType "tourn"]
[EventRounds "5"]
[EventCountry "ESP"]
[EventCategory "10"]
[Source "Fruth,M"]
[SourceDate "2003.05.15"]

1. d4 e6 2. c4 Nf6 3. Nc3 c5 4. d5 exd5 5. cxd5 d6 6. Nf3 g6 7. g3 Bg7 8. Bg2
O-O 9. O-O a6 10. a4 Nbd7 11. Bf4 Qe7 12. h3 Rb8 13. Rb1 h6 14. Qc2 Nh5 1/2-1/2

[Event "ISR-ch TT"]
[Site "ISR"]
[Date "2002.01.19"]
[Round "2"]
[White "Gershon, Alik"]
[Black "Manor, Ilan"]
[Result "1-0"]
[WhiteElo "2558"]
[BlackElo "2517"]
[PlyCount "69"]
[EventDate "2002.01.12"]
[EventType "team"]
[EventRounds "11"]
[EventCountry "ISR"]
[Source "Fruth,M"]
[SourceDate "2003.05.15"]

1. d4 Nf6 2. c4 c5 3. d5 e6 4. Nc3 exd5 5. cxd5 d6 6. Nf3 g6 7. Nd2 Bg7 8. e4
O-O 9. Be2 Re8 10. O-O a6 11. a4 Nbd7 12. f4 Qc7 13. Kh1 Rb8 14. Qc2 c4 15. e5
dxe5 16. Nxc4 b5 17. axb5 axb5 18. d6 Qc6 19. Nxe5 Nxe5 20. fxe5 Rxe5 21. Bf4
Bf5 22. Qd1 Rc5 23. Bf3 Qd7 24. Be3 Rc4 25. Ra7 Qd8 26. Nd5 Be6 27. Ne7+ Kh8
28. b3 Rc3 29. Bd4 b4 30. Nc6 Rxc6 31. Bxc6 Qxd6 32. Bxf6 Qxc6 33. Qd4 Bxf6 34.
Qxf6+ Kg8 35. Rxf7 1-0

[Event "Moscow Aeroflot op"]
[Site "Moscow"]
[Date "2002.02.10"]
[Round "9"]
[White "Volkov, Sergey"]
[Black "Bu Xiangzhi"]
[Result "1/2-1/2"]
[WhiteElo "2567"]
[BlackElo "2593"]
[PlyCount "276"]
[EventDate "2002.02.04"]
[EventType "swiss"]
[EventRounds "9"]
[EventCountry "RUS"]
[Source "Fruth,M"]
[SourceDate "2003.05.15"]

1. d4 Nf6 2. c4 c5 3. d5 e6 4. Nc3 exd5 5. cxd5 d6 6. Nf3 g6 7. Nd2 Bg7 8. e4
Nbd7 9. Be2 O-O 10. O-O a6 11. a4 Rb8 12. Ra3 Ne5 13. Re1 g5 14. Nf1 h6 15. Qc2
Re8 16. Bd2 Bd7 17. a5 Qc7 18. Na4 Ng6 19. Ng3 Nf4 20. Bf1 Re7 21. b4 Rbe8 22.
bxc5 N6xd5 23. Qc1 Nf6 24. Bb4 d5 25. c6 Bxc6 26. Bxe7 Rxe7 27. exd5 Rxe1 28.
Qxe1 N6xd5 29. Ra2 Bf8 30. Nb6 Nxb6 31. axb6 Qxb6 32. Qa5 Qxa5 33. Rxa5 Bb4 34.
Ra1 Bd7 35. Rd1 Be6 36. Rd8+ Kh7 37. Rb8 Bd5 38. Nf5 Be4 39. Ne3 Bc5 40. g3 Nd5
41. Nc4 b5 42. Nd2 Bg6 43. Nb3 Be7 44. Rb7 Bf8 45. Nd4 Kg8 46. Nc6 Nc3 47. Rb6
Bc5 48. Rxa6 Bc2 49. Ra8+ Kg7 50. Rb8 Ne4 51. Bxb5 Nxf2 52. Kf1 Bf5 53. Rb7 Ng4
54. Nd8 Nxh2+ 55. Ke2 Bg4+ 56. Kd3 Kg6 57. Nxf7 Bf5+ 58. Kc4 Be6+ 59. Kxc5 Bxf7
60. Bd3+ Kf6 61. Rb6+ Kg7 62. Be2 Bg6 63. g4 Be4 64. Kd4 Bf3 65. Bxf3 Nxf3+ 66.
Ke4 Nh4 67. Ke5 Nf3+ 68. Ke4 Nh4 69. Ra6 Ng2 70. Re6 Nh4 71. Kd5 Ng6 72. Ra6
Nf4+ 73. Ke5 Ng2 74. Ra7+ Kg6 75. Rb7 Ne3 76. Rb4 Ng2 77. Rb3 Kg7 78. Rf3 Kg6
79. Ra3 Kg7 80. Ke4 Kg6 81. Ra2 Nh4 82. Ra6+ Kg7 83. Rb6 Ng2 84. Rb2 Nh4 85.
Rf2 Ng6 86. Kf5 Kf7 87. Rf1 Kg7 88. Ra1 Nh4+ 89. Ke6 Ng2 90. Rg1 Nh4 91. Rf1
Ng2 92. Rf3 Nf4+ 93. Kf5 Ng6 94. Ra3 Nh4+ 95. Ke4 Kg6 96. Rc3 Kf6 97. Kd5 Ng2
98. Rf3+ Kg7 99. Ke6 Nf4+ 100. Kd6 h5 101. gxh5 Kh6 102. Rf1 Kxh5 103. Ke5 Kg6
104. Ke4 Nh5 105. Rg1 Nf6+ 106. Ke5 Nd7+ 107. Kd6 Nf6 108. Ra1 g4 109. Ke5 Kg5
110. Ra7 Nh5 111. Ke4 Ng3+ 112. Ke5 Nh5 113. Ra8 Kh4 114. Ke4 Ng3+ 115. Ke3 Nh5
116. Kf2 Nf4 117. Rh8+ Nh5 118. Ke2 Kg5 119. Ke3 Ng3 120. Rf8 Nh5 121. Rg8+ Kh4
122. Rh8 Kg5 123. Ra8 Kh4 124. Ra1 Kg5 125. Ra3 Kh4 126. Rb3 Kg5 127. Ke4 Kh4
128. Rb8 Kg5 129. Rb1 Ng3+ 130. Ke3 Nh5 131. Rb7 Kh4 132. Ra7 Kg5 133. Ke4 Ng3+
134. Ke5 Nh5 135. Ra8 Kh4 136. Kf5 g3 137. Rg8 Kh3 138. Rg5 g2 1/2-1/2

[Event "Goodricke op 13"]
[Site "Calcutta"]
[Date "2002.03.26"]
[Round "10"]
[White "Aleksandrov, Aleksej"]
[Black "Sherbakov, Ruslan"]
[Result "1/2-1/2"]
[WhiteElo "2645"]
[BlackElo "2539"]
[PlyCount "89"]
[EventDate "2002.03.17"]
[EventType "swiss"]
[EventRounds "11"]
[EventCountry "IND"]
[Source "Fruth,M"]
[SourceDate "2003.05.15"]

1. d4 Nf6 2. c4 c5 3. d5 e6 4. Nc3 exd5 5. cxd5 d6 6. e4 g6 7. Nf3 a6 8. h3 b5
9. Bd3 Bg7 10. O-O O-O 11. Bf4 Re8 12. Re1 Ra7 13. a3 Rae7 14. Qd2 Qb6 15. b4
Nbd7 16. Rac1 Bb7 17. Be3 Qd8 18. Bg5 Qb6 19. Be3 Qd8 20. Rb1 Qc7 21. Rec1 c4
22. Bc2 Nxe4 23. Nxe4 Rxe4 24. Bxe4 Rxe4 25. Bh6 Bxh6 26. Qxh6 Nf6 27. a4 Bxd5
28. axb5 axb5 29. Rd1 c3 30. Rbc1 Rxb4 31. Nd4 Be4 32. Qh4 Kg7 33. Nf5+ gxf5
34. Qg5+ Kf8 35. Qxf6 c2 36. Rxd6 Ke8 37. Qe5+ Kf8 38. Qh8+ Ke7 39. Qe5+ Kf8
40. Kh2 Rb1 41. Qh8+ Ke7 42. Qf6+ Ke8 43. Qe5+ Kf8 44. Rxc2 Bxc2 45. Qh8+
1/2-1/2

[Event "Bled A op"]
[Site "Bled"]
[Date "2002.07.07"]
[Round "6"]
[White "Gyimesi, Zoltan"]
[Black "Chatalbashev, Boris"]
[Result "1-0"]
[WhiteElo "2580"]
[BlackElo "2530"]
[PlyCount "77"]
[EventDate "2002.07.02"]
[EventType "swiss"]
[EventRounds "9"]
[EventCountry "YUG"]
[Source "Fruth,M"]
[SourceDate "2003.05.15"]

1. d4 Nf6 2. c4 c5 3. d5 e6 4. Nc3 exd5 5. cxd5 d6 6. Nf3 g6 7. Nd2 Bg7 8. e4
O-O 9. Be2 Na6 10. O-O Nc7 11. a4 Nfe8 12. Nc4 f5 13. Bf4 fxe4 14. Qd2 Qf6 15.
Bg5 Qf7 16. Rad1 Bf5 17. g4 Bd7 18. Nxe4 Bxa4 19. Ncxd6 Nxd6 20. Nxd6 Qd7 21.
Ra1 Qxd6 22. Rxa4 Bd4 23. Bh6 Rf7 24. b4 Re8 25. bxc5 Bxc5 26. Bd3 b5 27. Re4
Qxd5 28. Rxe8+ Nxe8 29. Bxg6 Qxd2 30. Bxf7+ Kxf7 31. Bxd2 Nf6 32. Rb1 Nxg4 33.
Be1 a6 34. Rc1 Bd6 35. Rc6 Bxh2+ 36. Kg2 Bf4 37. Rxa6 Ne5 38. Bc3 Nc4 39. Rf6+
1-0

[Event "ICC-ch Blitz fin"]
[Site "Internet Chess Club"]
[Date "2002.08.24"]
[Round "3.4"]
[White "Shipov, Sergei"]
[Black "Zhang Pengxiang"]
[Result "1-0"]
[WhiteElo "2613"]
[BlackElo "2550"]
[PlyCount "71"]
[EventDate "2002.08.??"]
[EventType "k.o. (corr)"]
[EventRounds "6"]
[Source "Fruth,M"]
[SourceDate "2003.05.15"]

1. d4 Nf6 2. c4 c5 3. d5 e6 4. Nc3 exd5 5. cxd5 d6 6. e4 g6 7. h3 Bg7 8. Nf3 a6
9. a4 O-O 10. Bd3 Re8 11. O-O Nbd7 12. Bf4 Qe7 13. Re1 Nh5 14. Bh2 Qf8 15. Rb1
b6 16. Qc2 Bb7 17. Be2 Bh6 18. Nd2 Nf4 19. Bf1 Ne5 20. g3 Nh5 21. f4 Nd7 22.
Nc4 Rab8 23. Rbd1 Ba8 24. Ne3 Bb7 25. Be2 Nhf6 26. g4 g5 27. Nf5 gxf4 28. h4
Bg7 29. g5 Nxd5 30. Nxd5 Bxd5 31. Rxd5 Be5 32. Rf1 Re6 33. Bxf4 Rbe8 34. Bxa6
f6 35. Bb5 Bxf4 36. Bxd7 {Black resigns} 1-0

[Event "EU-ch blitz"]
[Site "Panormo"]
[Date "2002.10.02"]
[Round "7"]
[White "Banikas, Hristos"]
[Black "Popov, Valerij"]
[Result "0-1"]
[WhiteElo "2520"]
[BlackElo "2568"]
[PlyCount "73"]
[EventDate "2002.10.02"]
[EventType "tourn (blitz)"]
[EventRounds "38"]
[EventCountry "GRE"]
[Source "Fruth,M"]
[SourceDate "2003.05.15"]

1. d4 Nf6 2. c4 c5 3. d5 e6 4. Nc3 exd5 5. cxd5 d6 6. e4 g6 7. f4 Bg7 8. Nf3
O-O 9. Be2 a6 10. e5 dxe5 11. fxe5 Ng4 12. Bg5 Qb6 13. O-O Nxe5 14. Nxe5 Bxe5
15. Be7 Qxb2 16. Rc1 Re8 17. d6 Bxc3 18. Bc4 Be6 19. Bxe6 fxe6 20. Rb1 Bd4+ 21.
Kh1 Qc3 22. Qg4 Nc6 23. Qxe6+ Kh8 24. Rxb7 Bg7 25. h3 Nd8 26. Qd7 Nxb7 27. Qxb7
Qd3 28. Re1 Qb5 29. Qxb5 axb5 30. d7 Kg8 31. Re3 Bf6 32. dxe8=Q+ Rxe8 33. Bxc5
Rxe3 34. Bxe3 Kf7 35. Kg1 Ke6 36. Kf2 Ke5 37. Bc1 0-1

[Event "Internet Section 16 A"]
[Site "Dos Hermanas"]
[Date "2003.03.16"]
[Round "?"]
[White "Ernestov"]
[Black "JoschkaFischer"]
[Result "1-0"]
[WhiteElo "2520"]
[BlackElo "2525"]
[PlyCount "92"]
[EventDate "2003.03.16"]
[EventType "swiss (blitz)"]
[EventRounds "9"]
[EventCountry "ESP"]
[Source "Fruth,M"]
[SourceDate "2003.05.15"]

1. d4 c5 2. d5 Nf6 3. c4 e6 4. Nc3 exd5 5. cxd5 d6 6. Nf3 a6 7. a4 g6 8. Bg5
Bg7 9. Nd2 h6 10. Bh4 g5 11. Bg3 Nh5 12. Nc4 Nxg3 13. hxg3 O-O 14. Qb3 Ra7 15.
a5 Bf5 16. Qb6 Qxb6 17. axb6 Ra8 18. Nxd6 Bg6 19. Nc4 Nd7 20. e3 Rad8 21. O-O-O
Nf6 22. Be2 g4 23. Rd2 h5 24. Rhd1 Rfe8 25. Bd3 Ne4 26. Nxe4 Bxe4 27. Bxe4 Rxe4
28. b3 a5 29. f3 Ree8 30. Kc2 Bh6 31. Re2 Bg7 32. e4 Bd4 33. Rxd4 cxd4 34. Kd3
f5 35. Kxd4 fxe4 36. fxe4 Rf8 37. e5 h4 38. gxh4 Rf1 39. Rd2 Rg1 40. d6 Re1 41.
Kd5 Kf7 42. Rf2+ Kg6 43. Ke6 a4 44. bxa4 Rc1 45. Rf4 Kh5 46. g3 Rc8 1-0

[Event "Moscow Aeroflot op"]
[Site "Moscow"]
[Date "2004.02.19"]
[Round "3"]
[White "Graf, Alexander"]
[Black "Ghaem Maghami, Ehsan"]
[Result "1-0"]
[WhiteElo "2629"]
[BlackElo "2549"]
[PlyCount "43"]
[EventDate "2004.02.17"]
[EventType "swiss"]
[EventRounds "9"]
[EventCountry "RUS"]
[Source "ChessBase"]
[SourceDate "2004.06.01"]

1. d4 Nf6 2. c4 c5 3. d5 e6 4. Nc3 exd5 5. cxd5 d6 6. e4 g6 7. Nf3 Bg7 8. h3
O-O 9. Bd3 b5 10. Nxb5 Re8 11. Nd2 Nxe4 12. Bxe4 Ba6 13. a4 f5 14. O-O fxe4 15.
Nc4 Bd4 16. Ncxd6 Rf8 17. Bh6 Bxb2 18. Bxf8 Bxa1 19. Qxa1 Qxf8 20. Qe5 Bxb5 21.
axb5 a5 22. Nxe4 1-0

[Event "ACP Blitz Prelim4"]
[Site "playchess.com INT"]
[Date "2004.04.15"]
[Round "1"]
[White "Harikrishna, Penteala"]
[Black "Gofshtein, Leonid D"]
[Result "1-0"]
[WhiteElo "2599"]
[BlackElo "2522"]
[PlyCount "85"]
[EventDate "2004.04.15"]
[EventType "tourn (blitz)"]
[EventRounds "17"]
[EventCountry "GER"]
[EventCategory "12"]
[Source "ChessBase"]
[SourceDate "2004.05.04"]

1. d4 Nf6 2. c4 c5 3. d5 e6 4. Nc3 exd5 5. cxd5 d6 6. e4 g6 7. Nf3 Bg7 8. Bb5+
Bd7 9. a4 O-O 10. O-O Na6 11. h3 Nb4 12. Bf4 Bxb5 13. axb5 Re8 14. Re1 a6 15.
Qb1 Nh5 16. Bh2 Qb6 17. bxa6 bxa6 18. Nd2 Bf8 19. Nc4 Qd8 20. Qd1 f5 21. exf5
Rxe1+ 22. Qxe1 Ng7 23. Rd1 Nxf5 24. Qe6+ Kh8 25. Ne4 Nd4 26. Rxd4 cxd4 27.
Nexd6 Ra7 28. Nf7+ Rxf7 29. Qxf7 Bg7 30. d6 Qf8 31. Qxf8+ Bxf8 32. d7 Nc6 33.
Bc7 Be7 34. Ne5 Nxe5 35. Bxe5+ Kg8 36. Bc7 d3 37. Kf1 Kf7 38. d8=Q Bxd8 39.
Bxd8 Ke6 40. Ba5 Kd5 41. Ke1 Kc4 42. Kd2 Kd4 43. Bc3+ 1-0

[Event "ACP Blitz Prelim4"]
[Site "playchess.com INT"]
[Date "2004.04.15"]
[Round "7"]
[White "Shipov, Sergei"]
[Black "Gofshtein, Leonid D"]
[Result "0-1"]
[WhiteElo "2593"]
[BlackElo "2522"]
[PlyCount "114"]
[EventDate "2004.04.15"]
[EventType "tourn (blitz)"]
[EventRounds "17"]
[EventCountry "GER"]
[EventCategory "12"]
[Source "ChessBase"]
[SourceDate "2004.05.04"]

1. d4 Nf6 2. c4 c5 3. d5 e6 4. Nc3 exd5 5. cxd5 d6 6. e4 g6 7. Bd3 a6 8. a4 Bg7
9. h3 Qc7 10. Nf3 O-O 11. O-O c4 12. Bc2 Nbd7 13. Bf4 Nh5 14. Bh2 Rb8 15. a5
Nc5 16. Re1 b5 17. axb6 Rxb6 18. Ra2 Qb7 19. Qc1 Re8 20. Nd2 Rb4 21. Bxd6 Qb6
22. Bh2 Bd4 23. Rf1 Nf6 24. Ne2 Nb3 25. Bxb3 cxb3 26. Ra3 Bc5 27. Nc3 Bb7 28.
Na4 Rxa4 29. Rxa4 Bb4 30. Rxb4 Qxb4 31. Qd1 Nxe4 32. Nxe4 Qxe4 33. Qxb3 Bxd5
34. Qg3 Bc4 35. f3 Qe3+ 36. Qf2 Bxf1 37. Qxe3 Rxe3 38. Kxf1 f6 39. Bf4 Rb3 40.
Bc1 Kf7 41. Ke2 Ke6 42. Kd2 Kd5 43. Kc2 Kc4 44. Bd2 Rb6 45. Bc3 Re6 46. Kd2 f5
47. g4 f4 48. Bg7 Re3 49. h4 Rxf3 50. Be5 Rg3 51. g5 Rg2+ 52. Ke1 f3 53. Kf1
Re2 54. Bf6 a5 55. Bg7 a4 56. Bf6 Kb3 57. Bg7 Rxb2 0-1

[Event "ACP Blitz Prelim4"]
[Site "playchess.com INT"]
[Date "2004.04.15"]
[Round "16"]
[White "Epishin, Vladimir"]
[Black "Gofshtein, Leonid D"]
[Result "1-0"]
[WhiteElo "2610"]
[BlackElo "2522"]
[PlyCount "55"]
[EventDate "2004.04.15"]
[EventType "tourn (blitz)"]
[EventRounds "17"]
[EventCountry "GER"]
[EventCategory "12"]
[Source "ChessBase"]
[SourceDate "2004.05.04"]

1. d4 Nf6 2. c4 c5 3. d5 e6 4. Nc3 exd5 5. cxd5 d6 6. e4 g6 7. Nf3 a6 8. Qe2
Bg4 9. e5 dxe5 10. Qxe5+ Be7 11. Bh6 Bxf3 12. gxf3 Nbd7 13. Qe3 Qc7 14. Bf4 Qa5
15. O-O-O Kd8 16. d6 Bf8 17. Bc4 b5 18. Bxf7 b4 19. Ne4 Bg7 20. Bg5 Kc8 21.
Nxf6 Bxf6 22. Bxf6 Nxf6 23. d7+ Kb7 24. Rd6 Qd8 25. Qe5 Nxd7 26. Qd5+ Kb8 27.
Rxd7 Qf6 28. Qb7# 1-0

[Event "Barcelona Sants op 6th"]
[Site "Barcelona"]
[Date "2004.09.03"]
[Round "8"]
[White "Hillarp Persson, Tiger"]
[Black "Zhang Pengxiang"]
[Result "1/2-1/2"]
[WhiteElo "2529"]
[BlackElo "2519"]
[PlyCount "141"]
[EventDate "2004.08.28"]
[EventType "swiss"]
[EventRounds "10"]
[EventCountry "ESP"]
[Source "ChessBase"]
[SourceDate "2004.11.03"]

1. d4 Nf6 2. c4 c5 3. d5 e6 4. Nc3 exd5 5. cxd5 d6 6. Nf3 g6 7. Bf4 a6 8. e4
Nh5 9. Bg5 Be7 10. Bh6 Bg4 11. Be2 Bxf3 12. Bxf3 Bg5 13. Bxg5 Qxg5 14. Bxh5
gxh5 15. g3 Nd7 16. f4 Qg6 17. Qf3 b5 18. O-O O-O 19. Rae1 Rae8 20. Re2 f6 21.
Rfe1 c4 22. b4 cxb3 23. axb3 b4 24. Na4 Qf7 25. Qd3 Nb8 26. Kg2 Rc8 27. Rc2 Qb7
28. Rxc8 Rxc8 29. e5 dxe5 30. fxe5 Rd8 31. exf6 Kf8 32. Re5 Qc7 33. Rxh5 Rd7
34. Qd2 Rf7 35. Qxb4+ Kg8 36. Rg5+ Kh8 37. Nc5 Qc8 38. Qb6 h6 39. Qe6 Qf8 40.
Rg6 Rc7 41. Qe3 Rh7 42. Ne6 Qf7 43. Rxh6 Nd7 44. Rxh7+ Qxh7 45. Qc3 Qe4+ 46.
Kg1 Qb1+ 47. Kg2 Qe4+ 48. Kf2 Qf5+ 49. Nf4 Nxf6 50. d6 Kg8 51. Qc4+ Kh8 52. Qc3
Kg8 53. Qc4+ Kh8 54. Qe6 Qc5+ 55. Kg2 Qc2+ 56. Ne2 Qc6+ 57. Kh3 Ne4 58. Qe5+
Kh7 59. Nf4 Qd7+ 60. Kh4 Nxd6 61. Ne6 Kg8 62. Qg5+ Kf7 63. Nd4 a5 64. g4 Kf8
65. Qf6+ Nf7 66. Ne6+ Ke8 67. Kh5 Qd3 68. Ng7+ Kf8 69. Ne6+ Ke8 70. Ng7+ Kf8
71. Ne6+ 1/2-1/2

[Event "Albacete op 12th"]
[Site "Albacete"]
[Date "2004.09.05"]
[Round "7"]
[White "Epishin, Vladimir"]
[Black "Cheparinov, Ivan"]
[Result "1-0"]
[WhiteElo "2635"]
[BlackElo "2567"]
[PlyCount "55"]
[EventDate "2004.09.01"]
[EventType "swiss"]
[EventRounds "7"]
[EventCountry "ESP"]
[Source "ChessBase"]
[SourceDate "2004.11.03"]

1. d4 Nf6 2. c4 e6 3. Nc3 c5 4. d5 exd5 5. cxd5 d6 6. e4 g6 7. Nf3 a6 8. Qe2
Bg7 9. e5 dxe5 10. Qxe5+ Kf8 11. Be2 h6 12. O-O Kg8 13. a4 Kh7 14. Bc4 Re8 15.
Qf4 Nh5 16. Qd2 Qd6 17. Re1 Rxe1+ 18. Qxe1 Bg4 19. Ne4 Qf8 20. Be2 f5 21. Neg5+
hxg5 22. Nxg5+ Kh8 23. f3 Bd4+ 24. Kh1 Bxf3 25. Nxf3 Nd7 26. Bf4 Qf6 27. Bf1
Ng7 28. Rd1 1-0

[Event "Calvia ol (Men)"]
[Site "Mallorca"]
[Date "2004.10.20"]
[Round "6"]
[White "Palo, Davor"]
[Black "Antonio, Rogelio Jr"]
[Result "1/2-1/2"]
[WhiteElo "2526"]
[BlackElo "2524"]
[PlyCount "33"]
[EventDate "2004.10.15"]
[EventType "team"]
[EventRounds "14"]
[EventCountry "ESP"]
[Source "ChessBase"]
[SourceDate "2005.01.27"]

1. d4 Nf6 2. c4 e6 3. Nc3 c5 4. d5 exd5 5. cxd5 d6 6. e4 g6 7. Bf4 a6 8. Nf3
Bg4 9. Qa4+ Nbd7 10. Nd2 b5 11. Qc2 Nh5 12. Be3 Nb6 13. h3 Bc8 14. g4 Nf6 15.
g5 Nfd7 16. a4 bxa4 17. Nxa4 1/2-1/2

[Event "Montreal WCT"]
[Site "Montreal"]
[Date "2005.01.17"]
[Round "4"]
[White "Fedorowicz, John P"]
[Black "Antonio, Rogelio Jr"]
[Result "1/2-1/2"]
[WhiteElo "2507"]
[BlackElo "2539"]
[PlyCount "74"]
[EventDate "2005.01.15"]
[EventType "tourn"]
[EventRounds "9"]
[EventCountry "CAN"]
[EventCategory "10"]
[Source "ChessBase"]
[SourceDate "2005.04.01"]

1. d4 Nf6 2. c4 c5 3. d5 e6 4. Nc3 exd5 5. cxd5 d6 6. Nf3 g6 7. Nd2 Nbd7 8. e4
Qe7 9. Be2 a6 10. a4 Ne5 11. O-O g5 12. Ra3 h5 13. a5 h4 14. Na4 Nfd7 15. Re1
Bg7 16. Nf1 Ng6 17. Ne3 Be5 18. Nf5 Qf6 19. Bd2 Rb8 20. Rb3 Bf4 21. Bc3 Be5 22.
Bd2 Bf4 23. Ne3 Nde5 24. Nb6 O-O 25. g3 Bxe3 26. Bxe3 Bh3 27. f4 gxf4 28. gxf4
Qg7 29. Kf2 f5 30. Rg1 Ng4+ 31. Ke1 Rbe8 32. Bc1 Rxe4 33. Rxh3 Rfe8 34. Rg2
Nxf4 35. Bxf4 Rxf4 36. Qc2 Kf8 37. Qc3 Qh6 1/2-1/2